000
00283nam a2200109Ia 4500
008
190914s9999||||xx |||||||||||||| ||und||
100
_a
Wayne Tomasi
245
0
_a
Introduction to Data Communications and Networking
260
_a
New Jersey
_b
Willey
_c
2000
300
_a
278
942
_c
BK
999
_c
9522
_d
9522